Ako získavať spätnú väzbu od klientov?
Pre získanie spätnej väzby existujú tri silné dôvody a to: prejav záujmu o klienta, potvrdenie vašej práce, a získanie dôležitých informácií, ktoré viete použiť na posilnenie vašej pozície. Spätná väzba je skvelý spôsob, ako si upevniť pozíciu u vašich zákazníkov. Teda ak viete ako na to ...
Salvato in:
| Autore principale: | |
|---|---|
| Natura: | Capitolo di libro |
| Lingua: | slovacco |
| Soggetti: | |
| Tags: |
Nessun Tag, puoi essere il primo ad aggiungerne!!
|
MARC
| LEADER | 00000naa a2200000 4500 | ||
|---|---|---|---|
| 001 | 0273762 | ||
| 005 | 20210518212308.0 | ||
| 041 | 0 | |a slo | |
| 044 | |a SK | ||
| 245 | 1 | 0 | |a Ako získavať spätnú väzbu od klientov? |c Martin Mišík |
| 520 | |a Pre získanie spätnej väzby existujú tri silné dôvody a to: prejav záujmu o klienta, potvrdenie vašej práce, a získanie dôležitých informácií, ktoré viete použiť na posilnenie vašej pozície. Spätná väzba je skvelý spôsob, ako si upevniť pozíciu u vašich zákazníkov. Teda ak viete ako na to ... | ||
| 610 | 2 | 0 | |a služby zákaznícke |
| 610 | 2 | 0 | |a hodnotenie práce |
| 610 | 2 | 0 | |a hodnotenie pracovníkov |
| 610 | 2 | 0 | |a spokojnosť zákazníkov |
| 610 | 2 | 0 | |a väzba spätná |
| 100 | 1 | |a Mišík, Martin | |